[Event "65. Offene Kölner Stadtmeisterschaft"]
[Site "Arnoldiplatz 1, 50696 Köln"]
[Date "2025.05.29"]
[Round "3.4"]
[White "Zhuikov, Edgard"]
[Black "Turgut, Hakan"]
[Result "0-1"]
[WhiteElo "2115"]
[BlackElo "2191"]
[PlyCount "82"]
[EventDate "2025.??.??"]
[WhiteTeam "Godesberger SK 1929 e. V"]
[BlackTeam "Satranç Club 2000 e. V."]

1. e4 e5 2. Nf3 Nc6 3. Bc4 Nf6 4. d4 exd4 5. O-O Nxe4 6. Re1 d5 7. Bxd5 Qxd5 8.
Nc3 Qd7 9. Nxe4 Be7 10. Bg5 O-O 11. Bxe7 Qxe7 12. Nxd4 Bd7 13. Qh5 Rae8 14. Re3
h6 15. Rd1 Nxd4 16. Rxd4 Bc6 17. Qe2 Rd8 18. Ng3 Qc5 19. Rxd8 Rxd8 20. Rd3 Re8
21. Re3 Rxe3 22. fxe3 Qd5 23. c4 Qe5 24. Qd2 g6 25. b4 Qa1+ 26. Kf2 Qf6+ 27.
Kg1 Qa1+ 28. Kf2 b5 29. c5 Qf6+ 30. Kg1 Qe6 31. Ne2 Qe4 32. Nd4 Bd5 33. Nxb5
Qb1+ 34. Kf2 Qf5+ 35. Ke1 Bc4 36. Qd8+ Kh7 37. Nd4 Qf1+ 38. Kd2 Qd3+ 39. Kc1
Qxe3+ 40. Kb2 Qd2+ 41. Kb1 Bd3+ 0-1

[Event "65. Offene Kölner Stadtmeisterschaft"]
[Site "Arnoldiplatz 1, 50696 Köln"]
[Date "2025.05.29"]
[Round "3.5"]
[White "Coenen, Michael"]
[Black "Surányi, Pál"]
[Result "1-0"]
[WhiteElo "2319"]
[BlackElo "2064"]
[PlyCount "59"]
[EventDate "2025.??.??"]
[WhiteTeam "SF Essen-Werden 1924/"]
[BlackTeam "SV 03/25 Koblenz"]

1. Nf3 Nf6 2. d4 g6 3. c4 Bg7 4. Nc3 O-O 5. e4 d6 6. Be2 Nbd7 7. O-O e5 8. Qc2
Qe7 9. Be3 c6 10. d5 c5 11. Ne1 Kh8 12. Nd3 Ng8 13. b4 b6 14. a4 a5 15. bxc5
bxc5 16. f3 f5 17. Nb5 Bh6 18. Bf2 Ndf6 19. Nxd6 Qxd6 20. Bxc5 Qxc5+ 21. Nxc5
Be3+ 22. Kh1 Bxc5 23. Rab1 fxe4 24. fxe4 Ba6 25. h3 Rfc8 26. Kh2 Ra7 27. Rfd1
h5 28. Bf3 Bd6 29. Rb6 Rxc4 30. Qa2 1-0

[Event "65. Offene Kölner Stadtmeisterschaft"]
[Site "Arnoldiplatz 1, 50696 Köln"]
[Date "2025.05.29"]
[Round "3.6"]
[White "Marcziter, Alex"]
[Black "Grabowski, Pawel"]
[Result "1-0"]
[WhiteElo "2087"]
[BlackElo "2206"]
[PlyCount "145"]
[EventDate "2025.??.??"]
[WhiteTeam "SG Porz e. V."]
[BlackTeam "SC Remagen-Sinzig e.V."]

1. Nf3 Nf6 2. g3 b6 3. Bg2 Bb7 4. O-O g6 5. d3 Bg7 6. Nbd2 d6 7. e4 e5 8. Re1
O-O 9. c3 Re8 10. Nf1 c5 11. Ne3 Nc6 12. Nh4 b5 13. Ng4 Nxg4 14. Qxg4 Bc8 15.
Qe2 Rb8 16. Be3 a5 17. Qd2 b4 18. Nf3 Bg4 19. h3 Bxf3 20. Bxf3 a4 21. Qc2 Qa5
22. Rec1 a3 23. bxa3 Qxa3 24. Bd1 Qa6 25. Qd2 Rf8 26. Bb3 Kh8 27. Bc4 Qc8 28.
cxb4 Nxb4 29. Kh2 f5 30. Bh6 Bxh6 31. Qxh6 Nc6 32. f4 Nd4 33. Rab1 Rf6 34. Bd5
Ne2 35. fxe5 dxe5 36. Rxc5 Qd8 37. Rb7 Rxb7 38. Bxb7 g5 39. Qxg5 Rf8 40. Qxd8
Rxd8 41. Rxe5 f4 42. gxf4 Nxf4 43. Ba6 Rg8 44. Bc4 Rg2+ 45. Kh1 Rd2 46. Kg1
Nxh3+ 47. Kf1 Nf4 48. Rb5 h5 49. Rf5 Rd1+ 50. Kf2 Nxd3+ 51. Ke2 Nb2 52. Rxh5+
Kg7 53. Rb5 Rc1 54. Rxb2 Rxc4 55. Kd3 Ra4 56. Rf2 Kg8 57. e5 Kg7 58. e6 Ra6 59.
Re2 Kf8 60. e7+ Ke8 61. Kc4 Ra3 62. Kb5 Ra8 63. a4 Rb8+ 64. Kc6 Rb1 65. a5 Rc1+
66. Kb7 Rb1+ 67. Ka7 Rb5 68. a6 Rb1 69. Re6 Rb2 70. Rb6 Re2 71. Rb7 Re6 72. Rc7
Re2 73. Kb8 1-0

[Event "65. Offene Kölner Stadtmeisterschaft"]
[Site "Arnoldiplatz 1, 50696 Köln"]
[Date "2025.05.29"]
[Round "3.8"]
[White "Holzwarth, Felix"]
[Black "Riemland, Arnold"]
[Result "1/2-1/2"]
[WhiteElo "2074"]
[BlackElo "2104"]
[PlyCount "47"]
[EventDate "2025.??.??"]
[WhiteTeam "SG Porz e. V."]
[BlackTeam "SG Kalker/Deutze"]

1. d4 d5 2. Nc3 Bf5 3. f3 Nf6 4. g4 Bg6 5. e4 dxe4 6. g5 Nd5 7. Nxe4 e6 8. Ne2
c5 9. dxc5 Bxc5 10. Nxc5 Qa5+ 11. c3 Qxc5 12. Qd4 Qxd4 13. Nxd4 Nd7 14. Bd2 O-O
15. c4 N5b6 16. b3 e5 17. Nb5 e4 18. f4 Nc5 19. Bb4 Nbd7 20. Nc7 Rac8 21. Nd5
Rfe8 22. Kf2 Nb6 23. Bxc5 Nxd5 24. Be3 1/2-1/2

[Event "65. Offene Kölner Stadtmeisterschaft"]
[Site "Arnoldiplatz 1, 50696 Köln"]
[Date "2025.05.29"]
[Round "3.10"]
[White "Strehse, Nelson"]
[Black "Cheng, Noah"]
[Result "1-0"]
[WhiteElo "2207"]
[BlackElo "1883"]
[PlyCount "57"]
[EventDate "2025.??.??"]
[WhiteTeam "Klub Kölner SF e. V."]
[BlackTeam "SV Erftstadt e. V."]

1. e4 b6 2. d4 Bb7 3. Bd3 e6 4. Nf3 Nf6 5. Qe2 d5 6. e5 Ne4 7. O-O c5 8. c3 Be7
9. Ne1 h5 10. f3 Ng5 11. Bxg5 Bxg5 12. f4 Be7 13. f5 exf5 14. Rxf5 g6 15. Rf1
c4 16. Bc2 Bc8 17. e6 f5 18. Qe5 O-O 19. Nf3 Qd6 20. Qe3 Qxe6 21. Qxe6+ Bxe6
22. Re1 Kf7 23. Ne5+ Kf6 24. Nxg6 Kxg6 25. Rxe6+ Bf6 26. Nd2 Kg7 27. Rf1 Na6
28. Rxf5 Rae8 29. Rfxf6 1-0

[Event "65. Offene Kölner Stadtmeisterschaft"]
[Site "Arnoldiplatz 1, 50696 Köln"]
[Date "2025.05.30"]
[Round "4.1"]
[White "Coenen, Michael"]
[Black "Bagrationi, Alexander"]
[Result "0-1"]
[WhiteElo "2319"]
[BlackElo "2406"]
[Annotator "Hansel,Rainer"]
[PlyCount "134"]
[EventDate "2025.??.??"]
[WhiteTeam "SF Essen-Werden 1924/"]
[BlackTeam "SV Hemer 1932 e. V."]

1. Nf3 e6 2. g3 d5 3. Bg2 c5 4. d4 Nc6 5. O-O Nf6 6. c4 dxc4 7. dxc5 Qxd1 8.
Rxd1 Bxc5 9. Nbd2 c3 10. bxc3 O-O 11. Ne1 Bd7 12. Nd3 Be7 13. Rb1 b6 14. Nb3
Rac8 15. c4 Nb8 16. Ne5 Ba4 17. Bb2 Nbd7 18. Rdc1 Rc7 19. Nxd7 Nxd7 20. Nd4 a6
21. Nf3 Bd6 22. Bd4 Rb8 23. Nd2 Ba3 24. Rc3 Be7 25. Rcc1 Kf8 26. Ne4 Rbc8 27.
Bxb6 Rxc4 28. Rxc4 Rxc4 29. Be3 Bb5 30. Rb2 h6 31. Bf4 e5 32. Bd2 Bc6 33. Nc3
e4 34. e3 Bf6 35. Rb3 Nc5 36. Rb8+ Ke7 37. Ne2 Rc2 38. Bb4 Kd7 39. Bh3+ Kc7 40.
Rf8 Rxe2 41. Bxc5 Re1+ 42. Kg2 Bb5 43. Bb4 Rb1 44. Ba5+ Kc6 45. Rb8 Ra1 46.
Rc8+ Kd5 47. g4 Bf1+ 48. Kg3 Be5+ 49. f4 exf3+ 50. Kxf3 Bxh3 51. e4+ Kd6 52.
Bc7+ Kd7 53. Bxe5 Rf1+ 54. Kg3 Kxc8 55. Kxh3 g6 56. Kg2 Rc1 57. a3 Kd7 58. Bg7
h5 59. gxh5 gxh5 60. Kf3 Ke6 61. Bd4 Rh1 62. Kg3 Rd1 63. Bc5 Rd3+ 64. Kh4 Ke5
65. Kxh5 Rh3+ 66. Kg4 Rxh2 67. Kf3 Rh4 0-1

[Event "65. Offene Kölner Stadtmeisterschaft"]
[Site "Arnoldiplatz 1, 50696 Köln"]
[Date "2025.05.30"]
[Round "4.2"]
[White "Garner, Isaac"]
[Black "Strehse, Nelson"]
[Result "1/2-1/2"]
[WhiteElo "2399"]
[BlackElo "2207"]
[Annotator "Hansel,Rainer"]
[PlyCount "156"]
[EventDate "2025.??.??"]
[WhiteTeam "Hamburger SK von 1830 eV"]
[BlackTeam "Klub Kölner SF e. V."]

1. d4 Nf6 2. c4 e6 3. Nf3 d5 4. Nc3 c5 5. cxd5 Nxd5 6. e4 Nxc3 7. bxc3 cxd4 8.
cxd4 Bb4+ 9. Bd2 Bxd2+ 10. Qxd2 O-O 11. Bc4 Nd7 12. O-O b6 13. Rfe1 Bb7 14.
Rad1 Rc8 15. Bb3 h6 16. h3 Nf6 17. d5 exd5 18. Qb2 Qc7 19. e5 Ne4 20. Nd4 Qe7
21. f4 Kh8 22. Nf5 Qc5+ 23. Kh2 Qc3 24. Qxc3 Nxc3 25. Rd4 Rc5 26. Nd6 Bc6 27.
a4 Ne4 28. Nxf7+ Rxf7 29. Rdxe4 dxe4 30. Bxf7 g5 31. Kg3 Kg7 32. e6 Kf6 33. h4
Rc3+ 34. Kg4 gxf4 35. Kxf4 Rc2 36. g4 Rf2+ 37. Ke3 Rf3+ 38. Kd2 Rd3+ 39. Ke2
Rg3 40. Rf1+ Ke7 41. Rc1 Bxa4 42. Rc7+ Kf6 43. Rxa7 Bb5+ 44. Kf2 Rxg4 45. h5
Bc4 (45... Rf4+ 46. Kg3 (46. Ke3 Ke5 47. Rb7 Rf3+ 48. Kd2 e3+) 46... Rf1 47.
Rb7 e3) 46. Rc7 b5 47. Ke3 Bxe6 48. Bxe6 Kxe6 49. Rb7 Rg5 50. Rb6+ Kd7 51. Rxh6
Re5 52. Rg6 Rxh5 53. Kxe4 Rc5 54. Kd3 Kc7 55. Rg2 Kb6 56. Rc2 Rh5 57. Kc3 Kc5
58. Kb3+ Kb6 59. Rc3 Ka5 60. Rg3 Rh1 61. Kb2 Ka4 62. Rf3 Rh2+ 63. Kb1 Rh4 64.
Kb2 Rb4+ 65. Ka2 Rg4 66. Kb2 Rg2+ 67. Kb1 b4 68. Rh3 Rd2 69. Rg3 Kb5 70. Rh3
Kc4 71. Rg3 Rd3 72. Rxd3 Kxd3 73. Kb2 Kc4 74. Kc2 b3+ 75. Kb2 Kb4 76. Kb1 Ka3
77. Ka1 b2+ 78. Kb1 Kb3 1/2-1/2

[Event "65. Offene Kölner Stadtmeisterschaft"]
[Site "Arnoldiplatz 1, 50696 Köln"]
[Date "2025.05.30"]
[Round "4.3"]
[White "Menzel, Maximilian"]
[Black "Morawietz, Dieter"]
[Result "1/2-1/2"]
[WhiteElo "2168"]
[BlackElo "2334"]
[PlyCount "87"]
[EventDate "2025.??.??"]
[WhiteTeam "SG Porz e. V."]
[BlackTeam "Klub Kölner SF e. V."]

1. d4 Nf6 2. Nf3 e6 3. g3 c5 4. Bg2 cxd4 5. Nxd4 d5 6. O-O e5 7. Nb3 Be6 8. c4
Nc6 9. cxd5 Nxd5 10. N1d2 Nf6 11. Ne4 Nxe4 12. Bxe4 Bh3 13. Bg2 Bxg2 14. Qxd8+
Rxd8 15. Kxg2 Be7 16. Be3 f6 17. Rfd1 Kf7 18. Rac1 h5 19. Nc5 Bxc5 20. Bxc5 e4
21. b4 a6 22. a4 Rxd1 23. Rxd1 Rd8 24. Rxd8 Nxd8 25. f3 exf3+ 26. Kxf3 b5 27.
axb5 axb5 28. Ke4 Ke6 29. Bf8 Nc6 30. Bxg7 Nxb4 31. Kd4 Nc2+ 32. Kd3 Na3 33.
Kc3 Nc4 34. Kb4 Ne3 35. h3 Nf5 36. Bxf6 Nxg3 37. Bd8 Nxe2 38. Kxb5 Nf4 39. Kc4
Kf5 40. h4 Kg4 41. Kc3 Ng6 42. Kd2 Nxh4 43. Bxh4 Kxh4 44. Ke2 1/2-1/2

[Event "65. Offene Kölner Stadtmeisterschaft"]
[Site "Arnoldiplatz 1, 50696 Köln"]
[Date "2025.05.30"]
[Round "4.4"]
[White "Turgut, Hakan"]
[Black "Marcziter, Dmitrii"]
[Result "1-0"]
[WhiteElo "2191"]
[BlackElo "2208"]
[Annotator "Hansel,Rainer"]
[PlyCount "77"]
[EventDate "2025.??.??"]
[WhiteTeam "Satranç Club 2000 e. V."]
[BlackTeam "SG Porz e. V."]

1. e4 c5 2. Nc3 Nc6 3. g3 g6 4. Bg2 Bg7 5. Nge2 d6 6. O-O e6 7. d3 Nge7 8. Be3
Nd4 9. f4 O-O 10. Bf2 f5 11. Nxd4 cxd4 12. Ne2 e5 13. c3 dxc3 14. bxc3 Nc6 15.
exf5 gxf5 16. Rb1 Kh8 17. d4 e4 18. d5 Na5 19. Bd4 Bd7 20. g4 Bxd4+ 21. Nxd4
Qf6 22. gxf5 Bxf5 23. Qa4 b6 24. Nxf5 Qxf5 25. Bxe4 Qf6 26. Kh1 Rf7 27. Rf3 Rc8
28. Rg1 Rfc7 29. Rh3 Rf8 30. Bxh7 Rxh7 31. Rxh7+ Kxh7 32. Qe4+ Kh6 33. Rg5 Nc4
34. Qf3 Qxg5 35. fxg5+ Kg7 36. Qh3 Rh8 37. Qe6 Rf8 38. Qh6+ Kg8 39. g6 1-0

[Event "65. Offene Kölner Stadtmeisterschaft"]
[Site "Arnoldiplatz 1, 50696 Köln"]
[Date "2025.05.30"]
[Round "4.5"]
[White "Riemland, Arnold"]
[Black "Marcziter, Alex"]
[Result "1/2-1/2"]
[WhiteElo "2104"]
[BlackElo "2087"]
[PlyCount "134"]
[EventDate "2025.??.??"]
[WhiteTeam "SG Kalker/Deutze"]
[BlackTeam "SG Porz e. V."]

1. c4 Nf6 2. Nc3 g6 3. g3 Bg7 4. Bg2 O-O 5. e3 d6 6. Nge2 e5 7. O-O c6 8. d4
Na6 9. a3 Nc7 10. b4 exd4 11. Nxd4 d5 12. c5 Ne6 13. Nce2 Qc7 14. Qc2 Ng4 15.
Bb2 Nh6 16. e4 dxe4 17. Nxe6 Bxe6 18. Bxg7 Kxg7 19. Bxe4 Bf5 20. Nc3 Rfe8 21.
Rfe1 Qe5 22. Bxf5 Qxe1+ 23. Rxe1 Rxe1+ 24. Kg2 Nxf5 25. Ne4 f6 26. Nxf6 Re6 27.
Ne4 h6 28. Qc3+ Kf7 29. Qc4 Rd8 30. g4 Ng7 31. Nd6+ Kg8 32. Nxb7 Rf8 33. a4 Kh7
34. b5 Ref6 35. Qc2 Ne6 36. Nd6 Nf4+ 37. Kg3 Nd5 38. bxc6 Rf3+ 39. Kg2 Rc3 40.
Qb2 Nf4+ 41. Kf1 Rxc5 42. Qb7+ Kg8 43. f3 Rc1+ 44. Kf2 Rc2+ 45. Ke3 Re2+ 46.
Kd4 Rd2+ 47. Ke3 Rxd6 48. c7 Re6+ 49. Kf2 Re2+ 50. Kf1 Ree8 51. h4 Ne6 52. Qd5
Kf7 53. Qd7+ Kf6 54. Kf2 Rc8 55. f4 Nxf4 56. Kg3 Ne6 57. g5+ hxg5 58. hxg5+
Nxg5 59. Qd4+ Ke7 60. Qc5+ Kf6 61. Qd4+ Kf7 62. Qf4+ Kg8 63. Qxg5 Rxc7 64. Qd5+
Rcf7 65. Kg4 Kh7 66. Qh1+ Kg7 67. Qa1+ Kh7 1/2-1/2

[Event "65. Offene Kölner Stadtmeisterschaft"]
[Site "Arnoldiplatz 1, 50696 Köln"]
[Date "2025.05.30"]
[Round "4.6"]
[White "Huesmann, Thomas"]
[Black "Hainke, Guntram"]
[Result "0-1"]
[WhiteElo "2100"]
[BlackElo "2237"]
[PlyCount "48"]
[EventDate "2025.??.??"]
[WhiteTeam "Aachener SV 1856 e. V."]

1. e4 c6 2. d4 d5 3. f3 dxe4 4. fxe4 e5 5. Nf3 Bg4 6. Bc4 Nd7 7. c3 Bd6 8. Qb3
Qe7 9. Qxb7 Rb8 10. Qxc6 Bxf3 11. gxf3 Ngf6 12. Bb3 O-O 13. Bg5 h6 14. Bh4 exd4
15. O-O Nc5 16. cxd4 Rb6 17. Bxf6 Qxf6 18. Qd5 Bxh2+ 19. Kf2 Nxb3 20. axb3 Rd8
21. Qc4 Rxd4 22. Qc2 Bf4 23. Rxa7 Rc6 24. Qe2 Qh4+ 0-1

[Event "65. Offene Kölner Stadtmeisterschaft"]
[Site "Arnoldiplatz 1, 50696 Köln"]
[Date "2025.05.30"]
[Round "4.7"]
[White "Vlasov, Igor"]
[Black "Fohler, Claus"]
[Result "1-0"]
[WhiteElo "2101"]
[BlackElo "2227"]
[PlyCount "49"]
[EventDate "2025.??.??"]
[WhiteTeam "Brühler SK 1920 e. V."]
[BlackTeam "Kölner SK Dr. Lasker 186"]

1. d4 d5 2. Nf3 Nf6 3. g3 e6 4. Bg2 c5 5. O-O Nc6 6. c4 dxc4 7. Qa4 Bd7 8. Qxc4
b5 9. Qd3 c4 10. Qd1 Rc8 11. e4 Nxe4 12. Re1 Nf6 13. d5 Nb4 14. Ne5 Nbxd5 15.
Nc3 Nxc3 16. bxc3 Bc5 17. g4 h6 18. h4 Qb6 19. Be3 Bxe3 20. Rxe3 Rc7 21. g5
hxg5 22. hxg5 Nh5 23. g6 fxg6 24. Qg4 Rh6 25. Nxd7 1-0

[Event "65. Offene Kölner Stadtmeisterschaft"]
[Site "Arnoldiplatz 1, 50696 Köln"]
[Date "2025.05.30"]
[Round "4.8"]
[White "Senay, Baris"]
[Black "Raasch, Jörg"]
[Result "1-0"]
[WhiteElo "2069"]
[BlackElo "2215"]
[PlyCount "84"]
[EventDate "2025.??.??"]
[WhiteTeam "Kölner SK Dr. Lasker 186"]
[BlackTeam "Klub Kölner SF e. V."]

1. e4 d6 2. d4 Nf6 3. Nc3 c6 4. Nf3 Qa5 5. Bd3 Bg4 6. h3 Bh5 7. g4 Bg6 8. Qe2
e6 9. Bd2 Qc7 10. O-O-O Be7 11. g5 Nh5 12. Nh4 e5 13. d5 Nd7 14. Qg4 a6 15. Nf5
c5 16. Be2 b5 17. Qh4 b4 18. Nb1 Bxf5 19. exf5 Nf4 20. Bxf4 exf4 21. Qxf4 Qa5
22. Rhe1 Kd8 23. f6 gxf6 24. Bg4 Qc7 25. Rxe7 Kxe7 26. Bxd7 Kxd7 27. Qf5+ Ke8
28. Qxf6 Rg8 29. Re1+ Kf8 30. f4 Qd8 31. Qh6+ Rg7 32. Nd2 Ra7 33. f5 Kg8 34.
Ne4 Kh8 35. h4 f6 36. gxf6 Rgf7 37. Qh5 Qf8 38. Ng5 h6 39. Nxf7+ Rxf7 40. Re7
Rxe7 41. fxe7 Qxe7 42. Qxh6+ Kg8 1-0

[Event "65. Offene Kölner Stadtmeisterschaft"]
[Site "Arnoldiplatz 1, 50696 Köln"]
[Date "2025.05.30"]
[Round "4.9"]
[White "Gelsok, Philipp"]
[Black "Wiekert, Martin"]
[Result "1/2-1/2"]
[WhiteElo "1976"]
[BlackElo "2161"]
[PlyCount "66"]
[EventDate "2025.??.??"]
[WhiteTeam "Bergische SF Bergisch"]
[BlackTeam "Kölner SK Dr. Lasker 186"]

1. e4 d6 2. d4 Nf6 3. Nc3 e5 4. Nf3 Nbd7 5. Rg1 c6 6. g4 h6 7. Be3 Be7 8. Qd2
exd4 9. Qxd4 Nf8 10. h3 b5 11. e5 Ne6 12. Qd3 dxe5 13. Qxd8+ Nxd8 14. Nxe5 Nd7
15. Nxd7 Bxd7 16. a4 b4 17. Ne4 O-O 18. Nc5 Bxc5 19. Bxc5 Re8+ 20. Be3 c5 21.
Bc4 Nc6 22. Bb5 a6 23. Bxc6 Bxc6 24. O-O-O Bxa4 25. b3 Bb5 26. Bxc5 a5 27. Be3
a4 28. bxa4 Bxa4 29. Kb2 Rac8 30. Rd2 Rc4 31. Ra1 Bb5 32. Ra5 Bc6 33. Rc5 Rxc5
1/2-1/2

[Event "65. Offene Kölner Stadtmeisterschaft"]
[Site "Arnoldiplatz 1, 50696 Köln"]
[Date "2025.05.30"]
[Round "4.10"]
[White "Gerpe Vilas, Brais"]
[Black "Keller, Thomas"]
[Result "0-1"]
[WhiteElo "2009"]
[BlackElo "2175"]
[PlyCount "80"]
[EventDate "2025.??.??"]
[BlackTeam "Brühler SK 1920 e. V."]

1. e4 e5 2. Nf3 Nf6 3. Nxe5 d6 4. Nf3 Nxe4 5. d4 d5 6. Bd3 Bd6 7. O-O O-O 8. c4
c6 9. c5 Bc7 10. Qb3 b6 11. cxb6 axb6 12. Nc3 Bf5 13. Qc2 Na6 14. Qe2 Re8 15.
Be3 Nb4 16. Bb1 c5 17. Nb5 Bb8 18. Ng5 Qd7 19. Nxe4 Bxe4 20. a3 Nc6 21. Qh5 Bg6
22. Bxg6 hxg6 23. Qg5 f6 24. Qxg6 Ne7 25. Qc2 Qxb5 26. dxc5 bxc5 27. Bxc5 Be5
28. Ra2 Rac8 29. b4 Bd4 30. a4 Qc6 31. Rc1 Bxc5 32. bxc5 Qe6 33. a5 Nc6 34. Qd2
Nd4 35. Rf1 Nb3 36. Qb4 Nxc5 37. h3 Nd3 38. Qb5 Nf4 39. a6 Ne2+ 40. Kh1 Nc3 0-1

[Event "65. Offene Kölner Stadtmeisterschaft"]
[Site "Arnoldiplatz 1, 50696 Köln"]
[Date "2025.05.31"]
[Round "5.1"]
[White "Bagrationi, Alexander"]
[Black "Turgut, Hakan"]
[Result "1-0"]
[WhiteElo "2406"]
[BlackElo "2191"]
[PlyCount "133"]
[EventDate "2025.??.??"]
[WhiteTeam "SV Hemer 1932 e. V."]
[BlackTeam "Satranç Club 2000 e. V."]

1. e4 e5 2. Nf3 Nc6 3. Bb5 a6 4. Ba4 b5 5. Bb3 d6 6. d4 Nxd4 7. Nxd4 exd4 8.
Bd5 Rb8 9. Bc6+ Bd7 10. Bxd7+ Qxd7 11. Qxd4 Nf6 12. O-O Be7 13. Nc3 O-O 14. a3
Rfe8 15. h3 c5 16. Qd3 Qc6 17. Bf4 Bf8 18. f3 c4 19. Qd2 b4 20. axb4 Rxb4 21.
Ra2 Qb7 22. Rb1 h6 23. Kh2 g5 24. Be3 d5 25. Bd4 Bd6+ 26. Kh1 Nh5 27. Bf2 Nf4
28. exd5 Be5 29. Na4 c3 30. Nxc3 Nxh3 31. gxh3 Qc8 32. Kg2 Bxc3 33. Qd3 Bd4 34.
c3 Bxf2 35. cxb4 Re3 36. Qd2 Qf5 37. Qxf2 Qxb1 38. Qxe3 Qxa2 39. Qd4 Kf8 40.
Qe5 Qc4 41. d6 Qc2+ 42. Kg3 Kg8 43. Qd4 Qb1 44. f4 Qe1+ 45. Kf3 Qf1+ 46. Ke3
Qxh3+ 47. Kd2 Qd7 48. f5 h5 49. Qf6 Qb7 50. Kc3 Qf3+ 51. Kd4 Qb7 52. Qd8+ Kg7
53. Qxg5+ Kf8 54. Ke5 Qxb4 55. Qd8+ Kg7 56. f6+ Kh7 57. Qc7 Qxb2+ 58. Ke4 Qb4+
59. Kd5 Qb5+ 60. Qc5 Qd7 61. Qc2+ Kh6 62. Qe4 Qb5+ 63. Kd4 Qb4+ 64. Ke5 Qb5+
65. Qd5 Qd7 66. Qd2+ Kg6 67. Qg2+ 1-0

[Event "65. Offene Kölner Stadtmeisterschaft"]
[Site "Arnoldiplatz 1, 50696 Köln"]
[Date "2025.05.31"]
[Round "5.2"]
[White "Keller, Thomas"]
[Black "Garner, Isaac"]
[Result "1/2-1/2"]
[WhiteElo "2175"]
[BlackElo "2399"]
[PlyCount "60"]
[EventDate "2025.??.??"]
[WhiteTeam "Brühler SK 1920 e. V."]
[BlackTeam "Hamburger SK von 1830 eV"]

1. d4 Nf6 2. c4 e6 3. g3 Bb4+ 4. Nd2 c5 5. a3 Bxd2+ 6. Qxd2 cxd4 7. Nf3 Nc6 8.
Nxd4 Na5 9. e3 d5 10. cxd5 Qxd5 11. Nb5 O-O 12. Qxd5 Nxd5 13. Bd2 Nb3 14. Rd1
Bd7 15. Bc4 Nxd2 16. Rxd2 Nb6 17. Be2 Rfd8 18. Nc3 Bc6 19. Rxd8+ Rxd8 20. O-O
Kf8 21. Rd1 Rc8 22. f4 Nd5 23. Rd3 Ke7 24. Kf2 Nf6 25. Bf3 Nd7 26. Rd4 Bxf3 27.
Kxf3 Nb6 28. Rb4 Rc4 29. Rxc4 Nxc4 30. Nd1 Kd6 1/2-1/2

[Event "65. Offene Kölner Stadtmeisterschaft"]
[Site "Arnoldiplatz 1, 50696 Köln"]
[Date "2025.05.31"]
[Round "5.3"]
[White "Morawietz, Dieter"]
[Black "Vlasov, Igor"]
[Result "0-1"]
[WhiteElo "2334"]
[BlackElo "2101"]
[PlyCount "96"]
[EventDate "2025.??.??"]
[WhiteTeam "Klub Kölner SF e. V."]
[BlackTeam "Brühler SK 1920 e. V."]

1. e4 c6 2. d4 d5 3. e5 Bf5 4. Nf3 e6 5. Be2 Nd7 6. O-O a6 7. Nbd2 h6 8. Nb3 c5
9. dxc5 Bxc5 10. Nxc5 Nxc5 11. Be3 Nd7 12. Nd4 Ne7 13. g4 Be4 14. f3 Bh7 15. f4
Be4 16. Bd3 h5 17. gxh5 Nf5 18. Nxf5 exf5 19. Bxe4 dxe4 20. Qd5 Rc8 21. e6 fxe6
22. Qxe6+ Qe7 23. Qxf5 Rxc2 24. Rac1 Rc6 25. Rxc6 bxc6 26. Qg6+ Kf8 27. Qxc6
Rxh5 28. Rd1 Nf6 29. Qxa6 Kg8 30. Qe2 Qe6 31. Bd4 Ng4 32. Rc1 Qg6 33. Rc7 Nxh2+
34. Kf2 Ng4+ 35. Ke1 Rh1+ 36. Kd2 e3+ 37. Bxe3 Qd6+ 38. Bd4 Qxd4+ 39. Kc2 Ne3+
40. Kb3 Qb6+ 41. Ka3 Qa5+ 42. Kb3 Qxc7 43. Qxe3 Qd7 44. Qe4 Qb5+ 45. Ka3 Rh3+
46. b3 Qa5+ 47. Qa4 Qxa4+ 48. Kxa4 Rh4 0-1

[Event "65. Offene Kölner Stadtmeisterschaft"]
[Site "Arnoldiplatz 1, 50696 Köln"]
[Date "2025.05.31"]
[Round "5.4"]
[White "Hainke, Guntram"]
[Black "Senay, Baris"]
[Result "1-0"]
[WhiteElo "2237"]
[BlackElo "2069"]
[PlyCount "103"]
[EventDate "2025.??.??"]
[BlackTeam "Kölner SK Dr. Lasker 186"]

1. d4 d5 2. c4 c6 3. Nf3 Nf6 4. e3 Bf5 5. Nc3 e6 6. Nh4 Be4 7. f3 Bg6 8. Qb3
Qc7 9. Bd2 Nbd7 10. g3 Bd6 11. O-O-O Bh5 12. g4 g5 13. Ng2 Bg6 14. h4 gxh4 15.
Nxh4 O-O-O 16. Be2 dxc4 17. Bxc4 Nb6 18. Be2 Nfd5 19. Nxg6 hxg6 20. Kb1 Nxc3+
21. bxc3 c5 22. Ka1 c4 23. Qb5 a6 24. Qa5 Qc6 25. Rb1 Bc7 26. Qb4 Kb8 27. g5 e5
28. a4 exd4 29. cxd4 c3 30. Qxc3 Qxa4+ 31. Kb2 Qd7 32. Qb3 Rc8 33. Ka2 Bd6 34.
Bxa6 Rxh1 35. Rxh1 Qf5 36. Bd3 Qxf3 37. Rb1 Qd5 38. Qxd5 Nxd5 39. Be4 Nc3+ 40.
Bxc3 Rxc3 41. Rxb7+ Kc8 42. Rxf7 Ra3+ 43. Kb1 Rxe3 44. Bxg6 Rb3+ 45. Kc2 Rb7
46. Bf5+ Kb8 47. Bd7 Ba3 48. g6 Rb2+ 49. Kd3 Rg2 50. g7 Rg3+ 51. Kc4 Kc7 52.
Bg4+ 1-0

[Event "65. Offene Kölner Stadtmeisterschaft"]
[Site "Arnoldiplatz 1, 50696 Köln"]
[Date "2025.05.31"]
[Round "5.5"]
[White "Marcziter, Alex"]
[Black "Menzel, Maximilian"]
[Result "1/2-1/2"]
[WhiteElo "2087"]
[BlackElo "2168"]
[PlyCount "59"]
[EventDate "2025.??.??"]
[WhiteTeam "SG Porz e. V."]
[BlackTeam "SG Porz e. V."]

1. Nf3 Nf6 2. g3 d5 3. Bg2 c6 4. O-O Bg4 5. d3 Nbd7 6. Nbd2 e5 7. e4 dxe4 8.
dxe4 Bc5 9. h3 Bh5 10. Qe1 O-O 11. Nc4 Re8 12. Nh4 a5 13. a4 Qc7 14. Bd2 b6 15.
Ne3 Bg6 16. Nef5 Nf8 17. c3 Ne6 18. b4 Bf8 19. Be3 axb4 20. cxb4 c5 21. bxc5
Bxc5 22. Qc3 Nd4 23. Nxd4 exd4 24. Bxd4 Nxe4 25. Qb2 Bxd4 26. Qxd4 Rad8 27. Qb4
Qc5 28. Qxc5 Nxc5 29. Nxg6 hxg6 30. Bc6 1/2-1/2

[Event "65. Offene Kölner Stadtmeisterschaft"]
[Site "Arnoldiplatz 1, 50696 Köln"]
[Date "2025.05.31"]
[Round "5.6"]
[White "Strehse, Nelson"]
[Black "Coenen, Michael"]
[Result "1-0"]
[WhiteElo "2207"]
[BlackElo "2319"]
[PlyCount "67"]
[EventDate "2025.??.??"]
[WhiteTeam "Klub Kölner SF e. V."]
[BlackTeam "SF Essen-Werden 1924/"]

1. c4 c6 2. Nc3 d5 3. cxd5 cxd5 4. d4 Nf6 5. Bf4 a6 6. e3 Nc6 7. Nf3 Bg4 8. h3
Bxf3 9. Qxf3 Qb6 10. Rb1 Qa5 11. Be2 Ne4 12. b4 Nxb4 13. Nxe4 dxe4 14. Qxe4
Nd5+ 15. Kf1 Qxa2 16. Rxb7 e6 17. g3 Rc8 18. Bd3 Qa3 19. Rb8 Rxb8 20. Bxb8 Bd6
21. Bxd6 Qxd6 22. Kg2 f5 23. Qf3 O-O 24. Ra1 Nb4 25. Bc4 Rc8 26. Bb3 Rc3 27.
Rb1 Nd5 28. g4 fxg4 29. hxg4 Rc8 30. Qe4 h6 31. g5 Re8 32. gxh6 Nc3 33. Qg6 Re7
34. Bxe6+ 1-0

[Event "65. Offene Kölner Stadtmeisterschaft"]
[Site "Arnoldiplatz 1, 50696 Köln"]
[Date "2025.05.31"]
[Round "5.7"]
[White "Zhuikov, Edgard"]
[Black "Grabowski, Pawel"]
[Result "1/2-1/2"]
[WhiteElo "2115"]
[BlackElo "2206"]
[PlyCount "79"]
[EventDate "2025.??.??"]
[WhiteTeam "Godesberger SK 1929 e. V"]
[BlackTeam "SC Remagen-Sinzig e.V."]

1. e4 e5 2. Nf3 Nc6 3. Bc4 Bc5 4. c3 d6 5. d4 exd4 6. cxd4 Bb6 7. h3 Nf6 8. Nc3
h6 9. O-O O-O 10. e5 Nh7 11. Bf4 dxe5 12. dxe5 Be6 13. Bd3 Nb4 14. Be4 Qxd1 15.
Rfxd1 c6 16. a3 Na6 17. b4 Rfd8 18. Rxd8+ Rxd8 19. Rd1 Rxd1+ 20. Nxd1 Bb3 21.
Ne3 g5 22. Bg3 Bxe3 23. fxe3 Nf8 24. Nd4 Be6 25. Nf5 Bxf5 26. Bxf5 Ne6 27. Bxe6
fxe6 28. e4 Nc7 29. a4 Na6 30. Be1 c5 31. b5 Nb4 32. Kf1 a6 33. Ke2 axb5 34.
Bxb4 cxb4 35. axb5 g4 36. h4 h5 37. Kd3 b6 38. Kc4 Kg7 39. Kxb4 Kg6 40. g3
1/2-1/2

[Event "65. Offene Kölner Stadtmeisterschaft"]
[Site "Arnoldiplatz 1, 50696 Köln"]
[Date "2025.05.31"]
[Round "5.8"]
[White "Holzwarth, Felix"]
[Black "Stillger, Bernhard"]
[Result "1-0"]
[WhiteElo "2074"]
[BlackElo "2224"]
[PlyCount "73"]
[EventDate "2025.??.??"]
[WhiteTeam "SG Porz e. V."]
[BlackTeam "SV Mülheim-Nord 1931 e"]

1. d4 Nf6 2. Nc3 d5 3. Bf4 c5 4. e4 Nxe4 5. Nxe4 dxe4 6. dxc5 Qxd1+ 7. Rxd1 Nc6
8. Be3 g6 9. c3 Bg7 10. Bc4 O-O 11. Bd5 Bf5 12. Ne2 e6 13. Bxc6 bxc6 14. Rd6
Rfc8 15. Nd4 e5 16. Nxf5 gxf5 17. g3 Rab8 18. b3 Rb7 19. Ke2 f6 20. Rhd1 Rcc7
21. h4 Kf7 22. Rd8 Bf8 23. Ra8 Be7 24. h5 Rd7 25. b4 Rxd1 26. Kxd1 Ke6 27. h6
Rd7+ 28. Kc2 Bd8 29. a4 Bc7 30. Rxa7 f4 31. gxf4 exf4 32. Bd4 e3 33. f3 Bd8 34.
Ra6 Kf5 35. Rxc6 Kg5 36. Rd6 Rxd6 37. cxd6 1-0